Guide to Esso Aviation Products (Record no. 298181)
[ view plain ]
| 000 -LEADER | |
|---|---|
| fixed length control field | 00194 a2200097 4500 |
| 001 - CONTROL NUMBER | |
| control field | 63108 |
| 090 ## - LOCALLY ASSIGNED LC-TYPE CALL NUMBER (OCLC); LOCAL CALL NUMBER (RLIN) | |
| -- | 37275 |
| -- | 37275 |
| 100 ## - MAIN ENTRY--PERSONAL NAME | |
| Personal name | Esso |
| 245 ## - TITLE STATEMENT | |
| Title | Guide to Esso Aviation Products |
| 260 ## - PUBLICATION, DISTRIBUTION, ETC. | |
| Name of publisher, distributor, etc. | ESSO |
| Date of publication, distribution, etc. | 1964 |
| 942 ## - ADDED ENTRY ELEMENTS (KOHA) | |
| Institution code [OBSOLETE] | NUST-CAE |
| Withdrawn status | Lost status | Damaged status | Not for loan | Collection code | Permanent Location | Current Location | Date acquired | Total Checkouts | Barcode | Date last seen | Price effective from | Koha item type |
|---|---|---|---|---|---|---|---|---|---|---|---|---|
| College of Aeronautical Engineering (CAE) | College of Aeronautical Engineering (CAE) | 04/03/2017 | CAEG-5625 | 04/05/2017 | 04/05/2017 | Book |
